| 000 | 00419cam a2200169ua 4500 | ||
|---|---|---|---|
| 020 | _c795.00 | ||
| 041 |
_aeng _h |
||
| 082 |
_a553.7 _bGUP/WA |
||
| 100 | _aGupta, K.R . | ||
| 245 | 0 | 0 |
_aWater crisis in India / _cK.R. Gupta. _hTextual Documents |
| 260 |
_a : _bAtlantic publishers and distributers , _c2008. |
||
| 300 | _a416 ; . | ||
| 365 | _a795.00 | ||
| 504 | _a | ||
| 942 | _cBK | ||
| 999 |
_c13560 _d13560 |
||